| 000 | 00537nam a2200193 a 4500 | ||
|---|---|---|---|
| 005 | 20140412111303.0 | ||
| 008 | 001118s19uu xx 00 eng d | ||
| 020 | _a0-88301-752-0 | ||
| 050 |
_aER _bHe34 1984 |
||
| 100 | _aSpyri, Johanna | ||
| 245 |
_aHeidi / _cJohanna Spyri. |
||
| 260 |
_a[s.l.l] : _bAcademic Ind., Inc, _c1984. |
||
| 300 | _a61 p. | ||
| 650 | _aGrandfathers -- Fiction | ||
| 650 | _aMountain life -- Switzeland -- Fiction | ||
| 650 | _aSwitzerland -- Fiction | ||
| 650 | _aOrphans -- Fiction | ||
| 999 |
_c103535 _d103535 |
||